000 00688nam a22002057a 4500
999 _c20493
_d20493
003 AR-CdUCM
008 190530b ||||| |||| 00| 0 spa d
040 _aMUNICIPALIDAD PROVINCIAL DEL CUSCO
_cBIBLIOTECA MUNICIPAL DEL CUSCO
082 _a800 /
_bL11
245 _aLa ciudad del oro /
260 _aBarcelona :
_bMolino,
_c1961.
300 _a158 páginas ;
_c20 cm.
_bIlustraciones,
500 _a[libro reempastado]
505 _aContenido: Yaruri -- La leyenda de el dorado -- Una fuga misteriosa,,,
650 _aYaruri
_942837
650 _aEl dorado
_942838
700 _aRiera Rojas, R. (cubierta) y Cooll, A. (ilustraciones)
_942839
942 _2ddc
_cLIBROS
945 _aAndy